Current members of Congress when they were young - Statistics

General Stats
  • This quiz has been taken 174 times
  • The average score is 6 of 12
Answer Stats
Picture Answer % Correct
Nancy Pelosi
82%
Dianne Feinstein
80%
Richard Shelby
76%
Chuck Grassley
74%
Mitch McConnell
71%
Patrick Leahy
53%
Bernie Sanders
28%
Peter DeFazio
25%
Jim Inhofe
21%
Marcy Kaptur
20%
Don Young
18%
Hal Rogers
7%
No matching quizzes found
Score Distribution
Percent of People with Each Score
Percentile by Number Answered
Your Score History
You have not taken this quiz